00549cam a2200205 a 4500001000800000005001700008008004100025010001700066020002500083020003200108040003000140041000800170043001200178080001900190082002300209100000700232101000800239245006600247504003000313147815420180215070302.0870730s1988 cau b 000 0 eng  a 87022454  a0803927320 :c$29.95 a0803927339 (soft) :c$14.95 aDLCcDLCdDLCdOCoLCdDLC aeng an-us--- a320.088042 MUE00a320.088042 MUE219 a19 aPOL04aThe Politics of the gender gap :cedited by Carol M. Mueller. aBibliography: p. 300-312.